| 000 | 00364nam a2200121 a 4500 | ||
|---|---|---|---|
| 005 | 20140414131931.0 | ||
| 008 | 101206s19uu xx 00 eng d | ||
| 050 |
_aREF 423 _bC67 1999 |
||
| 245 |
_aCollins junior dictionary / _ccompiled by Ginny Lapage. |
||
| 260 |
_aUK : _bCollins Educational, _c1999. |
||
| 650 | _aEncyclopedias and dictionaries. | ||
| 999 |
_c112202 _d112202 |
||